Statistiques concernant Quizlendrier de l'Avent #16 - Paroles - Quand te reverrai-je?

Cliquez ici pour prendre le quiz!

Statistiques générales

  • Ce quiz a été pris 96 fois
  • Le résultat moyen est 109 sur 256

Statistiques - réponses

Paroles% Correct
a
100%
A
100%
à
100%
qu’
99%
Quand
98%
te
97%
j’
93%
je
93%
je,
93%
p’
93%
reverrai-
91%
s’
90%
merveilleux
89%
merveilleux ?
89%
pays
89%
d’
84%
de
83%
C’
82%
ce
76%
qui
71%
64%
64%
deux
63%
deux ?
63%
aiment
61%
ceux
57%
Et
57%
et
57%
l’
57%
57%
la
57%
vivent
54%
le
52%
Le
52%
dès
49%
ma
46%
y
46%
les
44%
est
42%
neige
42%
il
40%
Il
40%
mon
40%
Tout
39%
Un
39%
un
39%
se
34%
Mais
32%
On
31%
elle
30%
Elle
30%
en
30%
Ça
28%
son
27%
cette
24%
ils
24%
Ils
24%
Pour
24%
dans
23%
Dans
23%
était
23%
« mon
22%
pas
21%
amoureux
20%
amoureux ?
20%
ses
20%
beau
17%
sur
17%
comme
16%
faire
12%
mal
12%
ni
12%
aux
11%
avait
11%
belle
11%
bien
11%
gens
11%
heureux
11%
heureux ?
11%
lui
10%
haut
7%
matin
7%
rein
7%
dimanche
6%
dit
6%
Puis
6%
refrain
6%
sumo
6%
vésicule
6%
biscottos
4%
chantant
4%
donnait
4%
gros
4%
kimono
4%
reins
4%
somnambule
4%
tôt
4%
trouverais-
4%
voyait
4%
bras
3%
choir
3%
clavicules
3%
entraîner
3%
levait
3%
rompit
3%
savoyard
3%
tendus
3%
tour
3%
Val-
3%
vierge
3%
vit
3%
vue
3%
cheminée
2%
dieu !
2%
entendue
2%
étreignent
2%
Isère,
2%
mâchoire
2%
mouchoir
2%
Ouvrant
2%
quelques
2%
bassin
1%
déboitèrent,
1%
Depardieu
1%
Emu
1%
ferais
1%
gai
1%
lombaires
1%
marchait
1%
minet
1%
nue
1%
orbite
1%
pleura
1%
potron-
1%
tits
1%
vécurent
1%
Brad
0%
coups
0%
épousèrent
0%
firent
0%
heures »
0%
jouirent
0%
lumbagos !
0%
Pitt
0%
pleins
0%
quatre
0%
ramoneur !
0%
rebouteux
0%

Distribution des résultats

Percentile par nombre de réponses

% des personnes avec chaque résultat

Votre développement - résultats

Vous n’avez pas pris ce quiz